| 000 | 01098nam a2200313Ia 4500 | ||
|---|---|---|---|
| 003 | OSt | ||
| 005 | 20250530175218.0 | ||
| 008 | 130821s2007 ck gr spa | ||
| 020 | _a9789587955651 | ||
| 040 |
_aCO-UDECOLOMBIA _bspa _cCO-UDECOLOMBIA _dCO-UDECOLOMBIA |
||
| 041 | 0 | 0 | _aspa |
| 082 | 0 | 4 |
_a344.3 _bC718 |
| 100 | 1 |
_aPrieto Barrios, Jorge _941710 |
|
| 110 | 2 |
_aColombia _91628 |
|
| 245 | 1 | 0 |
_aEstatuto tributario / _cColombia, Jorge Prieto Barrios. |
| 250 | _a9a. Ed | ||
| 260 |
_aBogotá (Colombia) : _bLeyer, _c2025. |
||
| 300 | _alvi, 962 Páginas | ||
| 504 | _aIncluye referencias bibliográficas e índices. | ||
| 650 | 0 | 4 |
_aDerecho tributario _zColombia _938466 |
| 650 | 0 | 4 |
_aImpuestos _xLegislación _zColombia _933543 |
| 650 | 0 | 4 |
_aPolítica fiscal _zColombia _927925 |
| 650 | 0 | 4 |
_aDerecho tributario _zColombia _938466 |
| 650 | 0 | 4 |
_aLegislación fiscal _zColombia _9185525 |
| 650 | 0 | 4 |
_aEstatuto tributario _zColombia _9185526 _y2025 |
| 650 | 0 | 4 |
_aImpuestos _xLegislación _980389 |
| 650 | 0 | 4 |
_aAdministración tributaria _zColombia _9185527 |
| 942 |
_cBK _2DEWEY _h344.3 C718 _n0 |
||
| 999 |
_c1996 _d1996 |
||